00882cam a2200265 a 4500999001500000001000600015003000900021005001700030008004100047020001900088020001500107040003800122082001900160100002000179245007000199250001200269260005000281300004100331504005100372650002100423650001800444650002500462942001200487952011700499 c2903d290320772BD-DhUAP20210130161758.0200229s1998 bg abf b f000 0 eng  a9781856698771  a1856698777 aBD-DhUAPcBD-DhUAPdBD-DhUAPbEng a701.85 HOR223 aHornung, David. aColour : ba workshop for artists and designers /cDavid Hornung. a2nd ed. aLondon : bLaurence King Publishing,cc2012. a168 pages :billustrations ;c28 cm. aIncludes bibliographical references and index. aColor in design  aColor in art  aPainting--Technique. 2ddccBK 00102ddc4070aUAPCLbUAPCLcGeneral Stacksd2020-02-29o701.85 HORp3010020772r2020-02-29t1w2020-02-29yBK